书目信息 |
| 题名: |
美利坚共和国的成长
|
|
| 作者: | 莫里森 著 ;南开大学历史系美国史研究室 译 | |
| 分册: | 上卷 | |
| 出版信息: | 天津 天津人民出版社 1980 |
|
| 页数: | 1288页 | |
| 开本: | 21cm | |
| 丛书名: | ||
| 单 册: | ||
| 中图分类: | K712.0 | |
| 科图分类: | ||
| 主题词: | 美国--通史 | |
| 电子资源: | ||
| ISBN: | ||
| 000 | 00832nam0 2200241 45 | |
| 001 | 0180000836 | |
| 005 | 20050430083547.8 | |
| 010 | @b精装@dCNY3.95 | |
| 091 | @a11072.38 | |
| 100 | @a19950630d1980 em y0chiy0121 ea | |
| 101 | 1 | @achi@ceng |
| 102 | @aCN@b120000 | |
| 105 | @ay z 000yy | |
| 200 | 10 | @a美利坚共和国的成长@Amei li jian gong he guo de cheng zhang@h上卷@f(美)塞缪尔·埃得奥特·莫里森等著@F(Mei)Sai Miao Er·Ai De Ao Te·Mo Li Sen Deng Zhu@g南开大学历史系美国史研究室译 |
| 210 | @a天津@c天津人民出版社@d1980 | |
| 215 | @a1288页@d21cm | |
| 606 | @a美国@x通史 | |
| 690 | @aK712.0@v3 | |
| 701 | 0 | @a莫里森@4著 |
| 712 | 02 | @a南开大学历史系美国史研究室@Anan kai da xue li shi xi mei guo shi yan jiu shi@4译 |
| 801 | 0 | @aCN@b上海图书馆@c20050429 |
| 801 | 2 | @aCN@bNLC@c20050429 |
| 905 | @dK712.0@e19:1@f2@b227673-674 | |
| 美利坚共和国的成长.上卷/(美)塞缪尔·埃得奥特·莫里森等著/南开大学历史系美国史研究室译.-天津:天津人民出版社,1980 |
| 1288页;21cm |
| ISBN (精装):CNY3.95 |
| ● |
| 相关链接 |
|
|
|
|
正题名:美利坚共和国的成长
索取号:K712.0/19:1
 
预约/预借
| 序号 | 登录号 | 条形码 | 馆藏地/架位号 | 状态 | 备注 |
| 1 | 0227673 | 000807791 | 密集书库/ [索取号:K712.0/19:1] | 在馆 | |
| 2 | 0227674 | 000807808 | 密集书库/ [索取号:K712.0/19:1] | 在馆 | |
| 3 | 0227675 | 000807782 | 第二样本阅览室/ [索取号:K712.0/19:1] | 在馆 |